00461nam a2200181Ia 450000500170000000800410001702000180005804100080007608200150008410000150009924500320011425000120014626000340015830000090019250000320020165000310023370000150026420230430095050.0230125s9999 xx 000 0 und d a9788183761406 aeng a659.1bPHA aPhadke S P aMedia And Journalism Ethics a1st Ed. c2008bABD PublicationaJaipur a334p aadvertising;IMC;Journalism  aadvertising;IMC;Journalism aPhadke S P